<?xml version="1.0" encoding="UTF-8"?>
<record
    xmlns:xsi="http://www.w3.org/2001/XMLSchema-instance"
    xsi:schemaLocation="http://www.loc.gov/MARC21/slim http://www.loc.gov/standards/marcxml/schema/MARC21slim.xsd"
    xmlns="http://www.loc.gov/MARC21/slim">

  <leader>01099nam a22001937a 4500</leader>
  <controlfield tag="005">20240521113456.0</controlfield>
  <datafield tag="010" ind1=" " ind2=" ">
    <subfield code="a">B-757454-460 HIN-127677</subfield>
  </datafield>
  <datafield tag="020" ind1=" " ind2=" ">
    <subfield code="c">1995.000</subfield>
    <subfield code="a">9789392344121</subfield>
  </datafield>
  <datafield tag="035" ind1=" " ind2=" ">
    <subfield code="a">B-757454-460 HN-100023</subfield>
  </datafield>
  <datafield tag="037" ind1=" " ind2=" ">
    <subfield code="b">&#x907;&#x928;&#x94B;&#x935;&#x947;&#x91F;&#x93F;&#x935; &#x932;&#x930;&#x94D;&#x928;&#x93F;&#x902;&#x917; </subfield>
  </datafield>
  <datafield tag="082" ind1=" " ind2=" ">
    <subfield code="a">000</subfield>
  </datafield>
  <datafield tag="100" ind1=" " ind2=" ">
    <subfield code="a">&#x909;&#x92A;&#x94D;&#x92A;&#x932;, &#x90F;. &#x915;&#x947;. </subfield>
    <subfield code="9">66559</subfield>
  </datafield>
  <datafield tag="245" ind1=" " ind2=" ">
    <subfield code="a">NTA, UGC/NET- JRF &#x936;&#x93E;&#x930;&#x940;&#x930;&#x93F;&#x915; &#x936;&#x93F;&#x915;&#x94D;&#x937;&#x93E;  /</subfield>
    <subfield code="c"> &#x90F;. &#x915;&#x947;. &#x909;&#x92A;&#x94D;&#x92A;&#x932;,</subfield>
  </datafield>
  <datafield tag="260" ind1=" " ind2=" ">
    <subfield code="a"> &#x926;&#x93F;&#x932;&#x94D;&#x932;&#x940;</subfield>
    <subfield code="b">&#x907;&#x928;&#x94B;&#x935;&#x947;&#x91F;&#x93F;&#x935; &#x932;&#x930;&#x94D;&#x928;&#x93F;&#x902;&#x917; </subfield>
    <subfield code="c">2023</subfield>
  </datafield>
  <datafield tag="270" ind1=" " ind2=" ">
    <subfield code="a">4852, &#x930;&#x94B;&#x936;&#x928;&#x93E;&#x930;&#x93E; &#x930;&#x94B;&#x921; , &#x938;&#x92E;&#x940;&#x92A; &#x92E;&#x93E;&#x924;&#x93E; &#x92E;&#x902;&#x926;&#x93F;&#x930; </subfield>
    <subfield code="b"> &#x926;&#x93F;&#x932;&#x94D;&#x932;&#x940;</subfield>
    <subfield code="e">110007</subfield>
  </datafield>
  <datafield tag="300" ind1=" " ind2=" ">
    <subfield code="a">766 &#x92A;&#x943;..</subfield>
    <subfield code="c">28&#x938;&#x947;&#x92E;&#x940; (&#x905;&#x91C;&#x93F;&#x932;&#x94D;&#x926;)</subfield>
  </datafield>
  <datafield tag="942" ind1=" " ind2=" ">
    <subfield code="2">ddc</subfield>
    <subfield code="c">HN</subfield>
    <subfield code="h">000</subfield>
    <subfield code="m">&#x909;&#x92A;&#x94D;&#x92A;&#x932;,</subfield>
  </datafield>
  <datafield tag="999" ind1=" " ind2=" ">
    <subfield code="c">200471</subfield>
    <subfield code="d">200471</subfield>
  </datafield>
  <datafield tag="952" ind1=" " ind2=" ">
    <subfield code="0">0</subfield>
    <subfield code="1">0</subfield>
    <subfield code="4">0</subfield>
    <subfield code="7">0</subfield>
    <subfield code="8">NFIC</subfield>
    <subfield code="a">L</subfield>
    <subfield code="b">L</subfield>
    <subfield code="d">2024-03-06</subfield>
    <subfield code="e">&#x907;&#x928;&#x94B;&#x935;&#x947;&#x91F;&#x93F;&#x935; &#x932;&#x930;&#x94D;&#x928;&#x93F;&#x902;&#x917; /58/15.1.24/97/9.1.24/16.1.24</subfield>
    <subfield code="g">1995.00</subfield>
    <subfield code="l">0</subfield>
    <subfield code="o">000 &#x909;&#x92A;&#x94D;&#x92A;&#x932;,</subfield>
    <subfield code="p">B-757454</subfield>
    <subfield code="r">2024-03-06 00:00:00</subfield>
    <subfield code="t">1</subfield>
    <subfield code="v">1995.00</subfield>
    <subfield code="w">2024-03-06</subfield>
    <subfield code="y">HN</subfield>
  </datafield>
  <datafield tag="952" ind1=" " ind2=" ">
    <subfield code="0">0</subfield>
    <subfield code="1">0</subfield>
    <subfield code="4">0</subfield>
    <subfield code="7">0</subfield>
    <subfield code="8">NFIC</subfield>
    <subfield code="a">AV</subfield>
    <subfield code="b">AV</subfield>
    <subfield code="d">2024-03-06</subfield>
    <subfield code="e">&#x907;&#x928;&#x94B;&#x935;&#x947;&#x91F;&#x93F;&#x935; &#x932;&#x930;&#x94D;&#x928;&#x93F;&#x902;&#x917; /58/15.1.24/97/9.1.24/16.1.24</subfield>
    <subfield code="g">1995.00</subfield>
    <subfield code="l">0</subfield>
    <subfield code="o">000 &#x909;&#x92A;&#x94D;&#x92A;&#x932;,</subfield>
    <subfield code="p">B-757455</subfield>
    <subfield code="r">2024-03-06 00:00:00</subfield>
    <subfield code="t">1</subfield>
    <subfield code="v">1995.00</subfield>
    <subfield code="w">2024-03-06</subfield>
    <subfield code="y">HN</subfield>
  </datafield>
  <datafield tag="952" ind1=" " ind2=" ">
    <subfield code="0">0</subfield>
    <subfield code="1">0</subfield>
    <subfield code="4">0</subfield>
    <subfield code="7">0</subfield>
    <subfield code="8">NFIC</subfield>
    <subfield code="a">TN</subfield>
    <subfield code="b">TN</subfield>
    <subfield code="d">2024-03-06</subfield>
    <subfield code="e">&#x907;&#x928;&#x94B;&#x935;&#x947;&#x91F;&#x93F;&#x935; &#x932;&#x930;&#x94D;&#x928;&#x93F;&#x902;&#x917; /58/15.1.24/97/9.1.24/16.1.24</subfield>
    <subfield code="g">1995.00</subfield>
    <subfield code="l">0</subfield>
    <subfield code="o">000 &#x909;&#x92A;&#x94D;&#x92A;&#x932;,</subfield>
    <subfield code="p">B-757456</subfield>
    <subfield code="r">2024-03-06 00:00:00</subfield>
    <subfield code="t">1</subfield>
    <subfield code="v">1995.00</subfield>
    <subfield code="w">2024-03-06</subfield>
    <subfield code="y">HN</subfield>
  </datafield>
  <datafield tag="952" ind1=" " ind2=" ">
    <subfield code="0">0</subfield>
    <subfield code="1">0</subfield>
    <subfield code="4">0</subfield>
    <subfield code="7">0</subfield>
    <subfield code="8">NFIC</subfield>
    <subfield code="a">ZLS</subfield>
    <subfield code="b">ZLS</subfield>
    <subfield code="d">2024-03-06</subfield>
    <subfield code="e">&#x907;&#x928;&#x94B;&#x935;&#x947;&#x91F;&#x93F;&#x935; &#x932;&#x930;&#x94D;&#x928;&#x93F;&#x902;&#x917; /58/15.1.24/97/9.1.24/16.1.24</subfield>
    <subfield code="g">1995.00</subfield>
    <subfield code="l">1</subfield>
    <subfield code="o">000 &#x909;&#x92A;&#x94D;&#x92A;&#x932;,</subfield>
    <subfield code="p">B-757457</subfield>
    <subfield code="r">2024-06-29 00:00:00</subfield>
    <subfield code="s">2024-06-27</subfield>
    <subfield code="t">1</subfield>
    <subfield code="v">1995.00</subfield>
    <subfield code="w">2024-03-06</subfield>
    <subfield code="y">HN</subfield>
  </datafield>
  <datafield tag="952" ind1=" " ind2=" ">
    <subfield code="0">0</subfield>
    <subfield code="1">0</subfield>
    <subfield code="4">0</subfield>
    <subfield code="7">0</subfield>
    <subfield code="8">NFIC</subfield>
    <subfield code="a">AG</subfield>
    <subfield code="b">AG</subfield>
    <subfield code="d">2024-03-06</subfield>
    <subfield code="e">&#x907;&#x928;&#x94B;&#x935;&#x947;&#x91F;&#x93F;&#x935; &#x932;&#x930;&#x94D;&#x928;&#x93F;&#x902;&#x917; /58/15.1.24/97/9.1.24/16.1.24</subfield>
    <subfield code="g">1995.00</subfield>
    <subfield code="l">0</subfield>
    <subfield code="o">000 &#x909;&#x92A;&#x94D;&#x92A;&#x932;,</subfield>
    <subfield code="p">B-757458</subfield>
    <subfield code="r">2024-03-06 00:00:00</subfield>
    <subfield code="t">1</subfield>
    <subfield code="v">1995.00</subfield>
    <subfield code="w">2024-03-06</subfield>
    <subfield code="y">HN</subfield>
  </datafield>
  <datafield tag="952" ind1=" " ind2=" ">
    <subfield code="0">0</subfield>
    <subfield code="1">0</subfield>
    <subfield code="4">0</subfield>
    <subfield code="7">0</subfield>
    <subfield code="8">NFIC</subfield>
    <subfield code="a">VP</subfield>
    <subfield code="b">VP</subfield>
    <subfield code="d">2024-03-06</subfield>
    <subfield code="e">&#x907;&#x928;&#x94B;&#x935;&#x947;&#x91F;&#x93F;&#x935; &#x932;&#x930;&#x94D;&#x928;&#x93F;&#x902;&#x917; /58/15.1.24/97/9.1.24/16.1.24</subfield>
    <subfield code="g">1995.00</subfield>
    <subfield code="l">0</subfield>
    <subfield code="o">000 &#x909;&#x92A;&#x94D;&#x92A;&#x932;,</subfield>
    <subfield code="p">B-757459</subfield>
    <subfield code="r">2024-03-06 00:00:00</subfield>
    <subfield code="t">1</subfield>
    <subfield code="v">1995.00</subfield>
    <subfield code="w">2024-03-06</subfield>
    <subfield code="y">HN</subfield>
  </datafield>
  <datafield tag="952" ind1=" " ind2=" ">
    <subfield code="0">0</subfield>
    <subfield code="1">0</subfield>
    <subfield code="4">0</subfield>
    <subfield code="7">0</subfield>
    <subfield code="8">NFIC</subfield>
    <subfield code="a">BL4</subfield>
    <subfield code="b">BL4</subfield>
    <subfield code="d">2024-03-06</subfield>
    <subfield code="e">&#x907;&#x928;&#x94B;&#x935;&#x947;&#x91F;&#x93F;&#x935; &#x932;&#x930;&#x94D;&#x928;&#x93F;&#x902;&#x917; /58/15.1.24/97/9.1.24/16.1.24</subfield>
    <subfield code="g">1995.00</subfield>
    <subfield code="l">0</subfield>
    <subfield code="o">000 &#x909;&#x92A;&#x94D;&#x92A;&#x932;,</subfield>
    <subfield code="p">B-757460</subfield>
    <subfield code="r">2024-03-06 00:00:00</subfield>
    <subfield code="t">1</subfield>
    <subfield code="v">1995.00</subfield>
    <subfield code="w">2024-03-06</subfield>
    <subfield code="y">HN</subfield>
  </datafield>
  <datafield tag="952" ind1=" " ind2=" ">
    <subfield code="0">0</subfield>
    <subfield code="1">0</subfield>
    <subfield code="4">0</subfield>
    <subfield code="7">0</subfield>
    <subfield code="8">NFIC</subfield>
    <subfield code="a">CJ</subfield>
    <subfield code="b">CJ</subfield>
    <subfield code="d">2024-05-21</subfield>
    <subfield code="e">DBAD</subfield>
    <subfield code="g">1995.00</subfield>
    <subfield code="l">0</subfield>
    <subfield code="o">000 &#x909;&#x92A;&#x94D;&#x92A;&#x932;,</subfield>
    <subfield code="p">HN-100023</subfield>
    <subfield code="r">2024-05-21 00:00:00</subfield>
    <subfield code="t">1</subfield>
    <subfield code="v">1995.00</subfield>
    <subfield code="w">2024-05-21</subfield>
    <subfield code="y">HN</subfield>
  </datafield>
</record>
